Prontuario Mercantil 2021

Detalles Bibliográficos
Formato: eBook
Publicado: Ciudad de Mx̌ico: Tax Editores, 2021
Materias:
Acceso en línea:Acceso restringido

MARC

LEADER 00000nam a22000007a 4500
005 20210615222853.0
007 cr|||| ||||
008 210615s2021 mx |||||s|||| 00||0 ps d
020 |a 978-607-629-627-1 
035 |a 34779 
040 |a vLex 
090 |c 11780  |d 11780 
245 0 0 |a Prontuario Mercantil 2021  |h [Recurso electrn̤ico] / 
256 |a Servicio en ln̕ea 
260 |a Ciudad de Mx̌ico:  |b Tax Editores,  |c 2021 
300 |a 1 recurso electrn̤ico 
506 1 |a Disponible solo en los productos indicados  |d vLex Global  |d vLex Global (Academic Edition, excluding Law Schools)  |d vLex Global (U.S. Academic Edition, Law Schools)  |d vLex Global (U.S. Academic Edition, excluding Law Schools)  |d vLex Global (Academic Edition, Law Schools) 
650 0 4 |a Derecho Mercantil y de la Empresa  |z Mx̌ico 
740 0 |a vLex Libros (Servicio en ln̕ea) 
856 4 0 |u https://vlex.com/source/prontuario-mercantil-2021-34779  |z Acceso restringido 
942 |c BOOK 
999 0 |a Commercial and Company Law